The fundamentals of taxation / (Record no. 5735)
[ view plain ]
| 000 -LEADER | |
|---|---|
| fixed length control field | 00757nam a22002417i 4500 |
| 003 - CONTROL NUMBER IDENTIFIER | |
| control field | URS |
| 005 - DATE AND TIME OF LATEST TRANSACTION | |
| control field | 20220117150729.0 |
| 008 - FIXED-LENGTH DATA ELEMENTS--GENERAL INFORMATION | |
| fixed length control field | 181206s2012 -ph||||| |||| 00| 0 eng d |
| 020 ## - INTERNATIONAL STANDARD BOOK NUMBER | |
| International Standard Book Number | 9789712362408 |
| 040 ## - CATALOGING SOURCE | |
| Language of cataloging | eng |
| Description conventions | rda |
| Transcribing agency | URS |
| 050 14 - LIBRARY OF CONGRESS CALL NUMBER | |
| Classification number | KPM 2789 |
| Item number | D3778 2012 |
| 100 1# - MAIN ENTRY--PERSONAL NAME | |
| Personal name | De Leon, Hector S, |
| Relator term | author |
| 245 10 - TITLE STATEMENT | |
| Title | The fundamentals of taxation / |
| Statement of responsibility, etc. | Hector S. De Leon, Hector M. De Leon, Jr. |
| 250 ## - EDITION STATEMENT | |
| Edition statement | Sixteenth edition |
| 264 #1 - PRODUCTION, PUBLICATION, DISTRIBUTION, MANUFACTURE, AND COPYRIGHT NOTICE | |
| Place of production, publication, distribution, manufacture | Quezon City : |
| Name of producer, publisher, distributor, manufacturer | Rex Bookstore, |
| Date of production, publication, distribution, manufacture, or copyright notice | 2012. |
| 300 ## - PHYSICAL DESCRIPTION | |
| Extent | xxvii, 425 pages ; |
| Dimensions | 22 cm |
| 336 ## - CONTENT TYPE | |
| Content type term | text |
| Content type code | txt |
| Source | rdacontent |
| 337 ## - MEDIA TYPE | |
| Media type term | unmediated |
| Media type code | n |
| Source | rdamedia |
| 338 ## - CARRIER TYPE | |
| Carrier type term | volume |
| Carrier type code | nc |
| Source | rdacarrier |
| 650 #0 - SUBJECT ADDED ENTRY--TOPICAL TERM | |
| Topical term or geographic name entry element | Taxation |
| General subdivision | Law and legislation |
| Geographic subdivision | Philippines |
| 700 ## - ADDED ENTRY--PERSONAL NAME | |
| Personal name | De Leon, Hector M. Jr. |
| Relator term | author |
| 942 ## - ADDED ENTRY ELEMENTS (KOHA) | |
| Koha item type | Filipiniana |
| Source of classification or shelving scheme | Library of Congress Classification |
| Withdrawn status | Damaged status | Not for loan | Collection code | Home library | Current library | Shelving location | Date acquired | Source of acquisition | Cost, normal purchase price | Total Checkouts | Full call number | Barcode | Date last seen | Price effective from | Koha item type | Date last checked out | Source of classification or shelving scheme | Copy number |
|---|---|---|---|---|---|---|---|---|---|---|---|---|---|---|---|---|---|---|
| Non-fiction | Pililla College Library | Pililla College Library | General Stacks | 03/12/2016 | Purchased | 343.0402609599 D38f 2012 | URSPIL-4591. | 05/31/2019 | 03/12/2016 | Filipiniana | Library of Congress Classification | 2 | ||||||
| Non-fiction | Pililla College Library | Pililla College Library | General Stacks | 03/15/2016 | Purchased | 343.0402609599 D38f 2012 | URSPIL-3466 | 05/31/2019 | 03/15/2016 | Filipiniana | Library of Congress Classification | 1 | ||||||
| Non-fiction | Pililla College Library | Pililla College Library | General Stacks | 05/03/2016 | 343.0402609599 D38f 2012 | URSPIL-5748 | 05/31/2019 | 05/03/2016 | Filipiniana | Dewey Decimal Classification | 3 | |||||||
| Non-fiction | Pililla College Library | Pililla College Library | General Stacks | 08/01/2017 | 343.0402609599 D38f 2012 | URSPIL-4598 | 05/31/2019 | 08/01/2017 | Filipiniana | Library of Congress Classification | ||||||||
| Non-fiction | Tanay College Library | Tanay College Library | New Materials Shelf | 11/09/2015 | Purchase | 565.00 | KPM 2789 D3778 2012 | URSTAN-N1921 | 11/09/2015 | 03/10/2016 | Filipiniana | |||||||
| Non-fiction | Tanay College Library | Tanay College Library | New Materials Shelf | 11/09/2015 | Purchase | 565.00 | 1 | KPM 2789 D3778 2012 | URSTAN-N1922 | 03/02/2017 | 03/10/2016 | Filipiniana | 03/02/2017 | |||||
| Non-fiction | Tanay College Library | Tanay College Library | Reserve Section | 11/09/2015 | Purchase | 565.00 | 1 | KPM 2789 D3778 2012 | URSTAN-N1923 | 01/14/2019 | 03/10/2016 | Filipiniana | 01/14/2019 |